00848nam a2200169 i 450000100060000000300090000600500170001500700030003200800410003510000220007624503500009826000750044830000210052360000770054460000340062185200230065522431ES-MaACL20250822190538.0t|021202s1906 mx ||||1| spa d1 aAlegre, Manuel M.10aMuchos pájaros en una piedra b: reflexiones sugeridas por la lectura del último libro de D. Francisco Bulnes, titulado "Juarez y las Revoluciones de Ayutla y de Reforma" con una invectiva al bohemio transfuga y una nota bene a propósito del ensayo de psicología historica de XXX, invocación al cometa de Halley / c[Manuel M. Alegre]. aMéxico : b[s.n.], c1906 (fTip. de J. Aguilar Vera y compañía) a39 p. ; c23 cm.14aBulnes, Francisco. tJuárez y las revoluciones de Ayutla y de reforma.14aJuárez, Benito, d1806-1872 aES-MaACLj1591-F-9